WRITING A SUCCESSFUL THESIS OF DISSERTAT (Record no. 24430)

MARC details
000 -LEADER
fixed length control field 00338nam a2200133Ia 4500
008 - FIXED-LENGTH DATA ELEMENTS--GENERAL INFORMATION
fixed length control field 240624s9999 xx 000 0 und d
041 ## - LANGUAGE CODE
Language code of text/sound track or separate title eng
082 ## - DEWEY DECIMAL CLASSIFICATION NUMBER
Classification number 808.066378 LUN
100 ## - MAIN ENTRY--PERSONAL NAME
Personal name LUNENBURG FRED C
245 ## - TITLE STATEMENT
Title WRITING A SUCCESSFUL THESIS OF DISSERTAT
260 ## - PUBLICATION, DISTRIBUTION, ETC.
Place of publication, distribution, etc. New Delhi
Name of publisher, distributor, etc. Corwin
300 ## - PHYSICAL DESCRIPTION
Extent 333 : p. : cm. ; 24
365 ## - TRADE PRICE
Currency code RS
Holdings
Withdrawn status Lost status Damaged status Not for loan Home library Current library Shelving location Date acquired Cost, normal purchase price Full call number Barcode Date last seen Copy number Price effective from Koha item type
        IMTN IMTN Rack 38-A 09/08/2015 2919.00 808.066378 LUN 24430 06/24/2024 1 06/24/2024 Books
Designed & Maintained by: LRC IMT Nagpur Contact: lrc@imtnag.ac.in© 2024. All Rights Reserved.